| 000 | 01614nam a2200409 c 4500 | ||
|---|---|---|---|
| 999 |
_c159576 _d159576 |
||
| 003 | BLK | ||
| 005 | 20220208152422.0 | ||
| 008 | 180410b bul|||||r ||||||| ||bul|| | ||
| 010 | _aKNG00166748000 | ||
| 040 | _aBLK | ||
| 041 |
_aBUL _cBUL |
||
| 072 | 7 |
_2bullib _aК _xКраезнание |
|
| 080 |
_aИкономическо положение. Икономическа политика. Управление. Планиране. Производство. Услуги. Цени _b338 _x:914.972(497.21-37) _z338:914.972(497.21-37) |
||
| 139 |
_aОбщина Иваново _bО 25 |
||
| 245 | 1 | 0 |
_aОбщина Иваново _cсъстав. Вера Цветанова; авт. на текста Димитър Тачев. |
| 257 | _aBGR | ||
| 260 |
_bБулгарреклама _c1989 _fСофия : Офсетграфик |
||
| 300 |
_a32 с. _bс ил. _c23 см |
||
| 380 | _a3 | ||
| 500 | _a1 000 тир. | ||
| 650 | 4 |
_aОбщини - България _9266067 |
|
| 650 | 4 |
_aОбщини - Русенска област _9334536 |
|
| 651 | 4 |
_aБългария _9241624 |
|
| 651 | 4 |
_aИваново _9178930 |
|
| 651 | 4 |
_aРусенско _9179464 |
|
| 653 | _aобщини | ||
| 653 | _aИваново | ||
| 653 | _aкметства | ||
| 659 | _aК | ||
| 700 | 1 |
_aЦветанова, Вера _eсъстав. _9334539 |
|
| 700 | 1 |
_aТачев, Димитър _eавт. на текста _9334540 |
|
| 852 | _aЦб 165146 | ||
| 852 | _aК 338/О-25 | ||
| 856 | 4 | _qpdf | |
| 856 | 4 | _qpdf | |
| 942 |
_cKNG _n0 _s1 |
||
| 944 |
_aCR _c30.10.2014 _l30.10.2014 - от С1,Р / 30.10.2014 _kВаля_Йорданова |
||
| 944 |
_aED _c30.10.2014 _l30.10.2014 - от С1,Р / 30.10.2014 |
||
| 999 | _d159576 | ||